Регионална библиотека "Любен Каравелов" - Русе

Детектив Алекс Крос (Запис номер 499554)

MARC детайли
000 -Лидер
Лидер 01126nam a2200289 a 4500
003 - Код на организацията, давaща контролен номер
Код на организацията, даваща контролен номер BLK
005 - Дата и час на последна редакция
Дата и час на последна редакция 20240704133843.0
007 - Фиксирано поле за физическо описани
Физическо описание ta
008 - Елементи от данни с фиксирана дължина
Елементи с фиксирана дължина 221104b bu |||||r|||| 00| | bu d
020 ## - Международен стандартен номер на книга ISBN
ISBN 9789543994809
040 ## - Източник на каталожния запис
Код на библиотеката BLK
041 ## - Код за език
Език Български
Език за КДБФ Български
080 ## - УДК
9 (RLIN) 226698
УДК текст Американска литература (на САЩ)
УДК код 821.111(73)
УДК – определител -312.4
УДК – код + определител 821.111(73)-312.4
084 ## - Класификационен индекс по друга класификация
Авторски знак Пат - П 28
100 ## - Редна дума - Автор
R(LIN) 377754
Автор Патерсън, Джеймс
245 ## - Сведения за заглавието
Заглавие Детектив Алекс Крос
Авторска отговорност Джеймс Патерсън ; прев. от англ. Диана Кутева
260 ## - Област на издателските данни
9 (RLIN) 390568
Място на издаване София
Име на издателя СББ Медиа
Година на издаване 2023
300 ## - Физическа характеристика
Брой страници 244 с.
Размер 20 см
380 ## - Жанр
Жанр Худож. лит.
490 ## - СЕРИИ (Колекции)
9 (RLIN) 390836
Серия Криминални шедьоври
500 ## - Общи забележки
Обща забележка Ориг. загл.: Cross / James Patterson<br/>Кн. се разпространява с изд. на SBB Media
700 1# - Други автори (авторска отговорност)
Друг автор Кутева, Диана Янакиева
Дати, свързани с автора 1955 -
9 (RLIN) 85939
852 ## - Местоположение
Сигнатура (форматна) Цб 320925
Отдел Хранилище
856 ## - Електронен адрес и достъп
Инструкция (цена за достъп) 0.00
Права за достъп disable
942 ## - АРТИКУЛИ
Вид на библиотечния документ Книги
Скрит в OPAC Не
944 ## - СЪЗДАВАНЕ И РЕДАКЦИЯ на ЗАПИСА
Създаване/Редакция
Дата на регистрацията/редакция Вася Ганчева
Служител, извършил регистрацията/редакцията 30560
Номер на служител Геновева Генчева
999 ## - СИСТЕМНИ КОНТРОЛНИ НОМЕРА
Koha biblionumber 499554
Koha biblioitemnumber 499554
Наличности
Код за отписване Код за изгубен артикул Източник на класификационната схема Код за повреда Коз за рестрикции Код за отдаване Артикулен № Име на библиотеката - собственик Име на библиотеката, в която се намира в момента Статус (Текущо местоположение) Дата на вписване в системата Местоположение - отдел Цена в лева Инвентарен номер Систематично азбучна сигнатура Баркод Цена в евро Служебен тип на артикула
  Не е изгубен Universal Decimal Classification Не е повреден само за читалня ползва се в читалня 937998 Регионална библиотека "Любен Каравелов" Русе Регионална библиотека "Любен Каравелов" Русе Хранилище 2023-12-22 Хранилище 11.00 120000897027 Цб 320925 120000897027 5.62 Книги
Vip Innovations Ltd, Rousse, Bulgaria 2025